000 00497cam a2200181ua 4500
041 _aeng
_h
082 _a821
_bBUL/PO
100 _aBullett, Gerald .
245 _aPoetry and drama: The English galaxy of shorter poems /
_cGerald Bullett.
_hTextual Documents
260 _aLondon :
_bJ M Dent and Sons Ltd ,
_c1947.
300 _a496 ; .
362 0 _a959-
440 0 _aEveryman`s Library,
_v
_x;
490 0 _aEveryman`s Library,
_v
_x;
504 _a
942 _cBK
999 _c5760
_d5760